LEADER 07219nam a2200673 u 4500 001 000000003736 003 CaOOAMICUS 005 20070226104555.0 008 940531s1660 fr c u000 u lat u 035 $a10097989 040 $aPUL$bita 130 0 $aBiblia.$lLatino.$0(OLS)http://pul/title/5418 245 10$aBiblia maxima versionum, ex linguis orientalibus: pluribus sacris ms. codicibus: innumeris fere SS. & veteribus Patribus, & interpretibus orthodoxis collectarum, earumque concordia cum Vulgata ... /$ccum annotationibus Nicol. de Lyra, Ioan. Gagnaei, Guil. Estii, Ioan. Menochii, & Iacobi Tirini, additis amplissimis prolegomenis ... tractatibus ... authore Ioanne de la Haye .. 260 $aLutetiae Parisiorum :$bsumptibus L. Bechet & L. Billaine soc. [etc.],$c1660. 300 $a19 v. :$b1 tav.(ritr.) ;$c41 cm 500 $aFront. con incis. Front. agg. Iniziali. 700 1 $aLa Haye, Jean de,$cO.F.M.,$d1593-1661.$0(OLS)http://pul/name/3885 850 $aPUL 852 $aPUL$W1$xDP1 Antico 600$y25$m2 B 1-7$j5037$nBK-PRI$b $qStampati Antico$B5037$CPULBib$Z2$F5037 $H $81 852 $aPUL$W1$xDP1 Antico 600$y25$m2 B 1-7$j5037$nBK-PRI$b $qStampati Antico$B5038$CPULBib$Z2$F5038 $H $81 852 $aPUL$W1$xDP1 Antico 600$y25$m2 B 1-7$j5037$nBK-PRI$b $qStampati Antico$B5039$CPULBib$Z2$F5039 $H $81 852 $aPUL$W1$xDP1 Antico 600$y25$m2 B 1-7$j5037$nBK-PRI$b $qStampati Antico$B5040$CPULBib$Z2$F5040 $H $81 852 $aPUL$W1$xDP1 Antico 600$y25$m2 B 1-7$j5037$nBK-PRI$b $qStampati Antico$B5041$CPULBib$Z2$F5041 $H $81 852 $aPUL$W1$xDP1 Antico 600$y25$m2 B 1-7$j5037$nBK-PRI$b $qStampati Antico$B5042$CPULBib$Z2$F5042 $H $81 852 $aPUL$W1$xDP1 Antico 600$y25$m2 B 1-7$j5037$nBK-PRI$b $qStampati Antico$B5043$CPULBib$Z2$F5043 $H $81 852 $aPUL$W1$xDP1 Antico 600$y25$m2 B 1-7$j5037$nBK-PRI$b $qStampati Antico$B5044$CPULBib$Z2$F5044 $H $81 852 $aPUL$W1$xDP1 Antico 600$y25$m2 B 1-7$j5037$nBK-PRI$b $qStampati Antico$B5045$CPULBib$Z2$F5045 $H $81 852 $aPUL$W1$xDP1 Antico 600$y25$m2 B 1-7$j5037$nBK-PRI$b $qStampati Antico$B5046$CPULBib$Z2$F5046 $H $81 852 $aPUL$W1$xDP1 Antico 600$y25$m2 B 1-7$j5037$nBK-PRI$b $qStampati Antico$B5047$CPULBib$Z2$F5047 $H $81 852 $aPUL$W1$xDP1 Antico 600$y25$m2 B 1-7$j5037$nBK-PRI$b $qStampati Antico$B5048$CPULBib$Z2$F5048 $H $81 852 $aPUL$W1$xDP1 Antico 600$y25$m2 B 1-7$j5037$nBK-PRI$b $qStampati Antico$B5049$CPULBib$Z2$F5049 $H $81 852 $aPUL$W1$xDP1 Antico 600$y25$m2 B 1-7$j5037$nBK-PRI$b $qStampati Antico$B5050$CPULBib$Z2$F5050 $H $81 852 $aPUL$W1$xDP1 Antico 600$y25$m2 B 1-7$j5037$nBK-PRI$b $qStampati Antico$B5051$CPULBib$Z2$F5051 $H $81 852 $aPUL$W1$xDP1 Antico 600$y25$m2 B 1-7$j5037$nBK-PRI$b $qStampati Antico$B5052$CPULBib$Z2$F5052 $H $81 852 $aPUL$W1$xDP1 Antico 600$y25$m2 B 1-7$j5037$nBK-PRI$b $qStampati Antico$B5053$CPULBib$Z2$F5053 $H $81 852 $aPUL$W1$xDP1 Antico 600$y25$m2 B 1-7$j5037$nBK-PRI$b $qStampati Antico$B5054$CPULBib$Z2$F5054 $H $81 852 $aPUL$W1$xDP1 Antico 600$y25$m2 B 1-7$j5037$nBK-PRI$b $qStampati Antico$B5055$CPULBib$Z2$F5055 $H $81 852 $aPUL$W1$xDP1 Antico 600$y25$m2 A 7-18$j5018$nBK-PRI$b $qStampati Antico$B5018$CPULBib$Z2$F5018 $H $81 852 $aPUL$W1$xDP1 Antico 600$y25$m2 A 7-18$j5018$nBK-PRI$b $qStampati Antico$B5019$CPULBib$Z2$F5019 $H $81 852 $aPUL$W1$xDP1 Antico 600$y25$m2 A 7-18$j5018$nBK-PRI$b $qStampati Antico$B5020$CPULBib$Z2$F5020 $H $81 852 $aPUL$W1$xDP1 Antico 600$y25$m2 A 7-18$j5018$nBK-PRI$b $qStampati Antico$B5021$CPULBib$Z2$F5021 $H $81 852 $aPUL$W1$xDP1 Antico 600$y25$m2 A 7-18$j5018$nBK-PRI$b $qStampati Antico$B5022$CPULBib$Z2$F5022 $H $81 852 $aPUL$W1$xDP1 Antico 600$y25$m2 A 7-18$j5018$nBK-PRI$b $qStampati Antico$B5023$CPULBib$Z2$F5023 $H $81 852 $aPUL$W1$xDP1 Antico 600$y25$m2 A 7-18$j5018$nBK-PRI$b $qStampati Antico$B5024$CPULBib$Z2$F5024 $H $81 852 $aPUL$W1$xDP1 Antico 600$y25$m2 A 7-18$j5018$nBK-PRI$b $qStampati Antico$B5025$CPULBib$Z2$F5025 $H $81 852 $aPUL$W1$xDP1 Antico 600$y25$m2 A 7-18$j5018$nBK-PRI$b $qStampati Antico$B5026$CPULBib$Z2$F5026 $H $81 852 $aPUL$W1$xDP1 Antico 600$y25$m2 A 7-18$j5018$nBK-PRI$b $qStampati Antico$B5027$CPULBib$Z2$F5027 $H $81 852 $aPUL$W1$xDP1 Antico 600$y25$m2 A 7-18$j5018$nBK-PRI$b $qStampati Antico$B5028$CPULBib$Z2$F5028 $H $81 852 $aPUL$W1$xDP1 Antico 600$y25$m2 A 7-18$j5018$nBK-PRI$b $qStampati Antico$B5029$CPULBib$Z2$F5029 $H $81 852 $aPUL$W1$xDP1 Antico 600$y25$m2 A 7-18$j5018$nBK-PRI$b $qStampati Antico$B5030$CPULBib$Z2$F5030 $H $81 852 $aPUL$W1$xDP1 Antico 600$y25$m2 A 7-18$j5018$nBK-PRI$b $qStampati Antico$B5031$CPULBib$Z2$F5031 $H $81 852 $aPUL$W1$xDP1 Antico 600$y25$m2 A 7-18$j5018$nBK-PRI$b $qStampati Antico$B5032$CPULBib$Z2$F5032 $H $81 852 $aPUL$W1$xDP1 Antico 600$y25$m2 A 7-18$j5018$nBK-PRI$b $qStampati Antico$B5033$CPULBib$Z2$F5033 $H $81 852 $aPUL$W1$xDP1 Antico 600$y25$m2 A 7-18$j5018$nBK-PRI$b $qStampati Antico$B5034$CPULBib$Z2$F5034 $H $81 852 $aPUL$W1$xDP1 Antico 600$y25$m2 A 7-18$j5018$nBK-PRI$b $qStampati Antico$B5035$CPULBib$Z2$F5035 $H $81 852 $aPUL$W1$xDP1 Antico 600$y25$m2 A 7-18$j5018$nBK-PRI$b $qStampati Antico$B5036$CPULBib$Z2$F5036 $H $81 941 1 $a15 996 $6245$aBiblia maxima versionum, ex linguis orientalibus: pluribus sacris ms. codicibus: innumeris fere SS. & veteribus Patribus, & interpretibus orthodoxis collectarum, earumque concordia cum Vulgata ...$9(OLS)http://pul/title/5463 996 $6260$aLutetiae Parisiorum :$bsumptibus L. Bechet & L. Billaine soc. [etc.]$9(OLS)http://pul/publisher/50060 LEADER 01339nam a2200337 u 4500 001 000000041735 003 CaOOAMICUS 005 20070226114240.0 008 990210s1969 it u000 u ita u 035 $a10813784 040 $aPUL(R)$bita 041 1 $aita$heng 100 1 $aPowers, Joseph M.,$cS.I.,$d1926-2000.$0(OLS)http://pul/name/30708 240 10$aEucharistic theology.$lItaliano.$0(OLS)http://pul/title/56320 245 10$aTeologia eucaristica /$cJoseph M. Powers ; editoriale di Eliseo Ruffini ; traduzione dall'inglese di Mario Sassatelli. 260 $aBrescia :$bQueriniana,$c1969. 300 $a237 p. ;$c20 cm 490 1 $aGiornale di teologia ;$v34 650 4$aEucaristia.$0(OLS)http://pul/subject/1539 700 1 $aRuffini, Eliseo,$d1924-$0(OLS)http://pul/name/12775 700 1 $aSassatelli, Mario.$0(OLS)http://pul/name/30697 830 0$aGiornale di teologia ;$v34.$0(OLS)http://pul/title/9027 850 $aPUL 852 $aPUL$W1$xSL Religione 3$y85$m200 GDT 1.34$j56499$nBK-PRI$qDDC 21$B56499$CPULBib$Z2$F56499 $82 941 1 $a9 960 $aEucarestia$91539 960 $aComunione (sacramento)$91539 961 $aINV: 32219 983 0$aGdT. 996 $6245$aTeologia eucaristica$9(OLS)http://pul/title/56321 996 $6260$aBrescia :$bQueriniana$9(OLS)http://pul/publisher/47906